| 000 | 00976nam a2200229 a 4500 | ||
|---|---|---|---|
| 001 | 37936 | ||
| 003 | BD-RjUL | ||
| 005 | 20211209052706.0 | ||
| 008 | 150813s1981 Bg ||||| |||| 00| 0 ben d | ||
| 035 | _a(BD-RjUL)38041 | ||
| 040 |
_aBD-RjUL _beng _cBD-RjUL |
||
| 041 | _aben | ||
| 082 |
_a297.09 _bHAI 1981-1983 _223 |
||
| 100 |
_aহাসান, সৈয়দ মাহমুদুল _9117520 |
||
| 245 | 1 | 0 |
_aইসলামের ইতিহাস / _c সৈয়দ মাহমুদুল হাসান |
| 250 | _aপরিবর্ধিত ৫ম সং | ||
| 260 |
_aঢাকা ; _aবরিশাল : _bগ্লোব লাইব্রেরী (প্রা:) লিমিটেড, _c১৯৮১ [পুনর্মুদ্রণ ১৯৮৩] |
||
| 300 |
_a১৩, ৬৭৬ পৃ. : _bচিত্র ; _c২২ সেমি. |
||
| 650 |
_aইসলাম _xইতিহাস _9117521 |
||
| 650 |
_aIslam _xHistory _9117522 |
||
| 942 |
_2ddc _cBK _04 |
||
| 999 |
_c37936 _d37936 |
||